[Event "Velez Rapid op 10th"]
[Site "Velez Santander"]
[Date "2023.11.06"]
[Round "1"]
[White "Vivas Zamora, Fabian Ernesto"]
[Black "Lopez Giraldo, Maria Camila"]
[Result "1-0"]
[WhiteElo "2375"]
[BlackElo "1724"]
[PlyCount "67"]
[EventDate "2023.11.06"]
[EventType "swiss (rapid)"]
[EventRounds "10"]
[EventCountry "COL"]
[SourceTitle "Mega2024 Update 01"]
[Source "Chessbase"]
[SourceDate "2023.11.12"]
[SourceVersion "1"]
[SourceVersionDate "2023.11.12"]
[SourceQuality "1"]

1. e4 d5 2. exd5 Nf6 3. d4 Qxd5 4. Nc3 Qd8 5. Nf3 Bf5 6. Bc4 e6 7. 0-0 Be7 8. Re1 c6 9. h3 0-0 10. Nh4 Bg6 11. Nxg6 hxg6 12. Bb3 Nbd7 13. Bf4 Nd5 14. Nxd5 cxd5 15. c3 Nf6 16. Qf3 Bd6 17. Bg5 Be7 18. Bc2 Re8 19. Re3 Nd7 20. Bxe7 Rxe7 21. Rae1 Nf6 22. g4 Qd6 23. h4 Rae8 24. Ba4 Rd8 25. h5 g5 26. Re5 Ne4 27. Bc2 f6 28. R5xe4 dxe4 29. Qxe4 Kf7 30. Qh7 Ke8 31. Ba4+ Kf8 32. h6 Qf4 33. Qh8+ Kf7 34. Qxg7# 1-0

[Event "Sabaneta op-B 1st"]
[Site "Sabaneta"]
[Date "2022.11.29"]
[Round "7"]
[White "Velandia, Wilson"]
[Black "Lopez Giraldo, Maria Camila"]
[Result "0-1"]
[WhiteElo "1652"]
[BlackElo "1600"]
[PlyCount "58"]
[EventDate "2022.11.25"]
[EventType "swiss"]
[EventRounds "8"]
[EventCountry "COL"]
[SourceTitle "CBM 211 Extra"]
[Source "ChessBase"]
[SourceDate "2023.01.31"]
[SourceVersion "1"]
[SourceVersionDate "2023.01.31"]
[SourceQuality "1"]

1. c4 e5 2. Nc3 Nc6 3. g3 Bc5 4. Bg2 a6 5. Nf3 d6 6. d3 Bd7 7. a3 Nge7 8. b4 Ba7 9. Bb2 0-0 10. 0-0 Qc8 11. Re1 f5 12. e3 f4 13. exf4 Bg4 14. Qb3 exf4 15. Ng5 Nd4 16. Qa2 Qf5 17. c5+ Kh8 18. Rxe7 Qxg5 19. Nd5 dxc5 20. Bxd4 cxd4 21. Rxc7 fxg3 22. fxg3 Rae8 23. Rf1 Rxf1+ 24. Bxf1 Rf8 25. Nf4 Bb8 26. Rc5 Qe7 27. Ng2 Qf6 28. Rc1 Qf3 29. Nh4 Qe3+ 0-1